[Event "Deltalift Open"]
[Site "Tylosand"]
[Date "2016.05.05"]
[Round "3.4"]
[White "Holst, Conny"]
[Black "Karlsson, Lars"]
[Result "1-0"]
[WhiteElo "2160"]
[BlackElo "2441"]

1.d4 g6 2.c4 Bg7 3.Nc3 d6 4.Nf3 Bg4 5.e3 Nf6 6.Be2 O-O 7.O-O Nc6 8.d5 Nb8 
9.h3 Bd7 10.e4 e5 11.Ne1 c6 12.Be3 Na6 13.Nd3 Rc8 14.Qb3 Qa5 15.Bxa7 b5 
16.dxc6 bxc4 17.Bb6 cxb3 18.Bxa5 Bxc6 19.f3 Nh5 20.axb3 Ng3 21.Rfd1 f5 22.
Nf2 Nxe2+ 23.Nxe2 Nc5 24.Rxd6 fxe4 25.Nxe4 Bxe4 26.fxe4 Nxe4 27.Rd7 Rc2 
28.Nc3 Nc5 29.Rxg7+ Kxg7 30.Bb4 Rc8 31.Ra7+ Kh6 32.Ra5 Nd3 33.Be7 Rxb2 34.
Ne4 Nf4 35.Bg5+ Kg7 36.Ra7+ 1-0

[Event "Deltalift Open"]
[Site "Tylosand"]
[Date "2016.05.05"]
[Round "3.5"]
[White "Jepson, Christian"]
[Black "Blomstrom, Lars"]
[Result "1-0"]
[WhiteElo "2440"]
[BlackElo "2145"]

1.Nf3 Nf6 2.c4 g6 3.Nc3 Bg7 4.e4 d6 5.d4 O-O 6.Be2 Nbd7 7.O-O e5 8.d5 Nc5 
9.Qc2 a5 10.Bg5 h6 11.Be3 Ne8 12.Nd2 f5 13.exf5 gxf5 14.f4 e4 15.h3 Kh8 
16.Rf2 Nf6 17.g3 Qe7 18.Rg2 Bd7 19.Rd1 Rae8 20.Nf1 b6 21.b3 Rg8 22.a3 Ra8 
23.b4 axb4 24.axb4 Na4 25.Nb5 Bxb5 26.cxb5 Ne8 27.Bd4 Bxd4+ 28.Rxd4 Qf6 
29.Qd2 Ng7 30.Bd1 e3 31.Nxe3 Rge8 32.Bc2 Nb2 33.Kh2 Ra3 34.Nxf5 Nxf5 35.
Bxf5 Qxf5 36.Qxb2 Qf6 37.Re4 Raa8 38.Rd4 1-0

[Event "Deltalift Open"]
[Site "Tylosand"]
[Date "2016.05.05"]
[Round "3.6"]
[White "Nilsson, Patrik 1978"]
[Black "Johansson, Linus"]
[Result "0-1"]
[WhiteElo "2155"]
[BlackElo "2427"]

1.e4 e6 2.d4 d5 3.e5 c5 4.c3 Qb6 5.Nf3 Nc6 6.Bd3 cxd4 7.O-O Bd7 8.a3 Nge7 
9.b4 Ng6 10.Re1 Be7 11.Bb2 Nf4 12.Bf1 O-O 13.g3 Ng6 14.h4 Rfc8 15.cxd4 Na5
16.h5 Nf8 17.Bd3 Nc4 18.Bc1 a5 19.bxa5 Rxa5 20.Bg5 Nb2 21.Qd2 Nxd3 22.Bxe7
Nxe1 23.Qxe1 Ra4 24.Qe3 Qb2 25.Nbd2 Qxa1+ 26.Kg2 Rxa3 27.Qf4 Rxf3 28.Nxf3 
Qb1 29.Ng5 Qf5 0-1

[Event "Deltalift Open"]
[Site "Tylosand"]
[Date "2016.05.05"]
[Round "3.7"]
[White "Holm, Kristian Stuvik"]
[Black "Holm, Ragnar"]
[Result "1-0"]
[WhiteElo "2418"]
[BlackElo "2114"]

1.b3 e5 2.Bb2 Nc6 3.e3 d5 4.Bb5 Bd6 5.f4 Qe7 6.Nf3 f6 7.Nc3 Be6 8.e4 d4 9.
Nd5 Qd7 10.O-O a6 11.fxe5 axb5 12.exd6 Qxd6 13.Bxd4 Bxd5 14.exd5 Qxd5 15.
Re1+ Nge7 16.Bf2 O-O 17.c3 Ng6 18.d4 Rfe8 19.Bg3 Qd7 20.Qd2 Nce7 21.c4 
bxc4 22.bxc4 Nf5 23.Bf2 Nd6 24.Qc2 b5 25.c5 Nc4 26.Rxe8+ Rxe8 27.a4 c6 28.
axb5 cxb5 29.Qb3 Kh8 30.Bg3 Re3 31.Qxe3 1-0

[Event "Deltalift Open"]
[Site "Tylosand"]
[Date "2016.05.05"]
[Round "3.8"]
[White "Backman, Andreas"]
[Black "Lindgren, Philip"]
[Result "1-0"]
[WhiteElo "2149"]
[BlackElo "2406"]

1.e4 c5 2.d4 cxd4 3.c3 dxc3 4.Nxc3 Nc6 5.Bc4 d6 6.Qe2 Nf6 7.Bg5 Bg4 8.f3 
Bd7 9.Bxf6 gxf6 10.f4 h5 11.Nf3 e6 12.f5 Qa5 13.fxe6 fxe6 14.O-O a6 15.Kh1
Ne5 16.Bb3 Nxf3 17.Qxf3 Be7 18.e5 Qxe5 19.Rae1 Bc6 20.Rxe5 Bxf3 21.Rxe6 
Bg4 22.Re3 Kf8 23.h3 Bd7 24.Nd5 Re8 25.Nxf6 Bxf6 26.Rxf6+ Kg7 27.Rf7+ Kh6 
28.Rg3 Re1+ 29.Kh2 h4 30.Rf6+ 1-0

[Event "Deltalift Open"]
[Site "Tylosand"]
[Date "2016.05.05"]
[Round "3.9"]
[White "Johansson, David"]
[Black "Nilsson, Anders"]
[Result "0-1"]
[WhiteElo "2118"]
[BlackElo "2224"]

1.e4 c6 2.d4 g6 3.Nc3 d5 4.e5 h5 5.Bd3 Nh6 6.Bf4 Bf5 7.Be2 e6 8.h3 g5 9.
Be3 h4 10.Qd2 Be7 11.O-O-O b5 12.Nf3 g4 13.Ng5 Nd7 14.Kb1 Qa5 15.Rde1 b4 
16.Nd1 Nb6 17.Nxe6 fxe6 18.Bxh6 Na4 19.hxg4 Rb8 20.Ka1 Be4 21.Bg7 Kd7 22.
Bxh8 Nc3 23.Nxc3 bxc3 24.bxc3 Bg5 25.Rb1 Rxb1+ 26.Rxb1 Bxd2 27.Rb8 Qxc3+ 
28.Kb1 0-1

[Event "Deltalift Open"]
[Site "Tylosand"]
[Date "2016.05.05"]
[Round "3.10"]
[White "Persson, Anders"]
[Black "Arnelind, Mikael"]
[Result "1-0"]
[WhiteElo "2074"]
[BlackElo "2194"]

1.d4 Nf6 2.c4 e6 3.Nf3 b6 4.Bf4 Bb7 5.e3 Bb4+ 6.Nfd2 O-O 7.a3 Be7 8.Nc3 d5
9.Rc1 c6 10.Bd3 Nbd7 11.O-O Re8 12.cxd5 exd5 13.h3 Nf8 14.Nf3 Ng6 15.Bh2 
Bd6 16.Bxd6 Qxd6 17.Qc2 Re7 18.Rfd1 Rae8 19.b4 a6 20.Na4 Qd8 21.Bxg6 hxg6 
22.Ne5 Re6 23.Qe2 R8e7 24.Rc2 Nd7 25.Nxd7 Rxd7 26.Rdc1 Rdd6 27.Nb2 Qa8 28.
a4 a5 29.b5 Qe8 30.Qd3 Kf8 31.Qb3 g5 32.Nd3 g4 33.hxg4 Rh6 34.Nf4 g5 35.
Nh3 Qe7 36.Qd3 Kg7 37.Qf5 Rhg6 38.Rc3 Qe8 39.Nxg5 Rdf6 40.Qe5 Qh8 41.bxc6 
Ba6 42.c7 Qh4 43.f4 Rh6 44.c8=Q Qh2+ 45.Kf2 Qh4+ 46.Kf3 Bxc8 47.Rxc8 Rg6 
48.Qe8 1-0

[Event "Deltalift Open"]
[Site "Tylosand"]
[Date "2016.05.05"]
[Round "3.11"]
[White "Ivarsson, Torbjorn"]
[Black "Segerberg, Tomas"]
[Result "1/2-1/2"]
[WhiteElo "2185"]
[BlackElo "2099"]

1.e4 e6 2.d4 d5 3.exd5 exd5 4.Bd3 Bd6 5.Nf3 Ne7 6.O-O Nbc6 7.c3 Be6 8.Re1 
Qd7 9.a4 O-O-O 10.b4 f6 11.a5 g5 12.Na3 Ng6 13.b5 Nb8 14.b6 axb6 15.Nb5 
Rde8 16.axb6 cxb6 17.Qb3 Bg4 18.Na7+ Kd8 19.Qxb6+ Qc7 20.Qxc7+ Bxc7 21.Ba3
Bxf3 22.gxf3 Nf4 23.Bf1 Rxe1 24.Rxe1 Re8 25.Re3 Nc6 26.Nb5 Rxe3 27.fxe3 
Ng6 28.Nxc7 Kxc7 29.Bd3 Nh4 30.Kf2 h5 31.Kg3 Kd7 32.e4 Ke6 33.Bc5 Na5 34.
Bb6 Nb3 35.exd5+ Kxd5 36.c4+ Ke6 37.f4 Nf5+ 38.Bxf5+ Kxf5 39.fxg5 fxg5 40.
d5 Nd2 41.c5 Ke5 42.d6 Ke6 43.Kf2 Nc4 44.Bd8 g4 45.Bg5 b5 46.cxb6 Nxb6 47.
Kg3 Kxd6 48.Kh4 Ke6 49.Kxh5 Kf5 1/2-1/2

[Event "Deltalift Open"]
[Site "Tylosand"]
[Date "2016.05.05"]
[Round "3.12"]
[White "Szumniak, Jedrzej"]
[Black "Wallin, Dennis"]
[Result "0-1"]
[WhiteElo "1945"]
[BlackElo "2184"]

1.d4 e6 2.c4 Bb4+ 3.Bd2 Bxd2+ 4.Qxd2 Nf6 5.Nc3 d6 6.Nf3 Nbd7 7.e4 e5 8.d5 
a5 9.Qc2 O-O 10.Be2 Nc5 11.Nd2 Kh8 12.f3 Nh5 13.O-O-O Nf4 14.g3 Nxe2+ 15.
Nxe2 f5 16.Rdf1 Bd7 17.Nc3 f4 18.g4 a4 19.h4 Qb8 20.Ndb1 b5 21.cxb5 Bxb5 
22.Nxb5 Qxb5 23.Na3 Qb7 24.Nc4 Rfb8 25.Kd2 Qa6 26.Qc3 Rb5 27.Rb1 Rab8 28.
Rhc1 Qc8 29.Ke2 Qd8 30.Rh1 Qd7 31.Kf2 Rb4 32.Rhc1 R8b5 33.Re1 Qd8 34.Rh1 
Qa8 35.Kg2 Kg8 36.Rhd1 Qa6 37.Rdc1 h5 38.g5 Kh7 39.Kh2 Kg6 40.Kg2 Kh7 41.
Kh2 Qb7 42.Kg2 Nd7 43.Kh2 Rc5 44.Qd3 Nf8 45.Qe2 Ng6 46.Kg2 Nxh4+ 47.Kf2 
Ng6 48.Qd3 h4 49.Qf1 Qb5 50.Nd2 Rxc1 51.Qxc1 Qb6+ 52.Kg2 h3+ 53.Kxh3 Qf2 
54.Qe1 Qxe1 55.Rxe1 Rxb2 56.Nc4 Rxa2 57.Na5 Rf2 58.Kg4 Ne7 59.Rg1 Kg6 60.
Nc4 Rc2 61.Na3 Rc3 62.Nb5 Rc5 63.Na3 Nc8 64.Rh1 Nb6 65.Rb1 Nc4 66.Nxc4 
Rxc4 67.Rb8 Rc1 68.Ra8 Rg1+ 69.Kh3 Rg3+ 70.Kh2 Rxf3 71.Rxa4 Re3 72.Ra7 
Rxe4 73.Rxc7 Rd4 74.Kg2 Rxd5 75.Kf3 Kxg5 76.Rxg7+ Kf5 77.Rf7+ Ke6 78.Rh7 
Rd3+ 79.Ke2 Re3+ 80.Kf2 Kd5 81.Ra7 Ke4 82.Ra4+ Kf5 83.Ra8 d5 84.Rf8+ Ke4 
85.Ra8 d4 86.Ra4 Rb3 0-1

[Event "Deltalift Open"]
[Site "Tylosand"]
[Date "2016.05.05"]
[Round "3.13"]
[White "Kockum, Anton Frisk"]
[Black "Cordoba, Santiago Crueso"]
[Result "1-0"]
[WhiteElo "2382"]
[BlackElo "1989"]

1.d4 Nf6 2.c4 g6 3.Nc3 Bg7 4.e4 d6 5.Nf3 O-O 6.Be2 e5 7.O-O Nc6 8.d5 Ne7 
9.Ne1 Nd7 10.Nd3 f5 11.Bd2 Nf6 12.f3 f4 13.g4 g5 14.c5 Bd7 15.Qb3 Rb8 16.
Rac1 h5 17.h3 Ne8 18.Kg2 Rf7 19.Nb5 Nc8 20.Na3 Ne7 21.Nc4 b6 22.cxd6 cxd6 
23.Qa3 Nc8 24.Nb4 Qf6 25.Rc2 Bf8 26.Qd3 Ne7 27.Na3 Rh7 28.Rcc1 Qh8 29.Rh1 
a5 30.Nc6 Bxc6 31.dxc6 hxg4 32.hxg4 Rxh1 33.Qb3+ d5 34.Rxh1 Qf6 35.exd5 
Nd6 36.Nc4 b5 37.Nxd6 Qxd6 38.Bxb5 Kg7 39.a4 Nxd5 40.Qd3 Nf6 41.Qxd6 Bxd6 
42.Bxa5 Ne8 43.Rd1 Kf8 44.Rxd6 Nxd6 45.Bc7 Rxb5 46.Bxd6+ 1-0

[Event "Deltalift Open"]
[Site "Tylosand"]
[Date "2016.05.05"]
[Round "3.14"]
[White "Carlsson, Andreas"]
[Black "Aaberg, Anton"]
[Result "0-1"]
[WhiteElo "1991"]
[BlackElo "2365"]

1.Nf3 Nf6 2.c4 c6 3.d4 d5 4.g3 Bf5 5.Bg2 e6 6.O-O Be7 7.Nc3 h6 8.Qb3 Qb6 
9.Qxb6 axb6 10.Ne5 dxc4 11.e4 Bh7 12.Nxc4 b5 13.Nd2 Na6 14.Re1 Nb4 15.Rd1 
Nc2 16.Rb1 Nxd4 17.Nc4 Nc2 18.Rd2 Ne1 19.e5 bxc4 20.exf6 Bxf6 21.Ne4 Nxg2 
22.Nd6+ Ke7 23.Ra1 Ne1 0-1

[Event "Deltalift Open"]
[Site "Tylosand"]
[Date "2016.05.05"]
[Round "3.15"]
[White "Harnesk, Mats"]
[Black "Malekian, Babak"]
[Result "0-1"]
[WhiteElo "1450"]
[BlackElo "2275"]

1.d4 g6 2.c3 Bg7 3.Bg5 Nf6 4.Nd2 d5 5.e3 O-O 6.Bd3 b6 7.f4 c5 8.Ngf3 Ba6 
9.Ne5 Bxd3 10.Nxd3 Nbd7 11.O-O e6 12.Ne5 Qc7 13.Bxf6 Nxf6 14.Rf3 Ne4 15.
Qc2 f6 16.Nxg6 Nxd2 17.Rh3 hxg6 18.Qxg6 Ne4 19.Qh7+ Kf7 20.f5 exf5 21.Qxf5
Rad8 22.Rf1 Qd7 23.Qh5+ Ke7 24.Qg6 Rf7 25.Rh7 Kd6 26.c4 cxd4 27.cxd5 Re8 
28.exd4 Kc7 29.Rf5 Ree7 30.Rh3 Kb7 31.Rf4 f5 0-1

[Event "Deltalift Open"]
[Site "Tylosand"]
[Date "2016.05.05"]
[Round "3.16"]
[White "Haugli, Petter"]
[Black "Hakansson, Stefan"]
[Result "1-0"]
[WhiteElo "2254"]
[BlackElo "1997"]

1.c4 c6 2.Nf3 Nf6 3.d4 d5 4.Qc2 g6 5.Bf4 Bg7 6.e3 O-O 7.Nc3 a6 8.Bd3 dxc4 
9.Bxc4 b5 10.Bd3 Bb7 11.O-O Nbd7 12.b4 Nh5 13.Bg5 Qe8 14.Ne4 Nhf6 15.Nxf6+
Nxf6 16.a3 Nd7 17.Be4 Rc8 18.Rac1 Nf6 19.Bd3 Nd5 20.Qc5 f6 21.Bh4 e5 22.
dxe5 fxe5 23.Nd2 Rf7 24.Ne4 Bf8 25.Qc2 Rcc7 26.Qb3 Bc8 27.Nc5 Bxc5 28.Rxc5
Be6 29.Qb2 Bf5 30.Bxf5 gxf5 31.Rfc1 Qe6 32.Qc2 Ne7 33.Bxe7 Qxe7 34.Rxc6 
Ra7 35.Qb3 Kg7 36.Re6 Rc7 37.Rd1 Qh4 38.Qb2 Qg4 39.Qxe5+ Kg8 40.Re8+ Rf8 
41.Rxf8+ Kxf8 42.Rd8+ Kf7 43.Qxc7+ Kg6 44.Rg8+ 1-0

[Event "Deltalift Open"]
[Site "Tylosand"]
[Date "2016.05.05"]
[Round "3.17"]
[White "Kenani, Dariush"]
[Black "Andersson, Robert"]
[Result "1/2-1/2"]
[WhiteElo "1981"]
[BlackElo "2096"]

1.e4 c5 2.b3 Nf6 3.e5 Nd5 4.c4 Nb4 5.Nf3 d6 6.a3 N4c6 7.exd6 e5 8.Nc3 Bxd6
9.d3 O-O 10.Be2 Nd4 11.O-O Nbc6 12.Nxd4 exd4 13.Nd5 Qh4 14.f4 Re8 15.g3 
Qh3 16.Bf3 Ne7 17.Re1 Be6 18.Bg2 Qg4 19.Bf3 Qh3 20.Bg2 Qg4 21.Bf3 Qh3 
1/2-1/2

[Event "Deltalift Open"]
[Site "Tylosand"]
[Date "2016.05.05"]
[Round "3.18"]
[White "Frisk, Hans"]
[Black "Berglind, Axel"]
[Result "0-1"]
[WhiteElo "2003"]
[BlackElo "1873"]

1.b3 d5 2.Bb2 Nf6 3.Nf3 e6 4.e3 c5 5.c4 Nbd7 6.g3 b6 7.Bg2 Ba6 8.d3 Qc7 9.
O-O Be7 10.Re1 O-O 11.Nc3 Rad8 12.Qc2 Rfe8 13.Rad1 Nf8 14.cxd5 exd5 15.d4 
cxd4 16.Nxd4 Ne6 17.Qb1 Bb7 18.Qa1 Nxd4 19.Rxd4 a6 20.Red1 Bc5 21.Rf4 Bd6 
22.Rxf6 gxf6 23.Ne2 Be5 24.Nd4 f5 25.Nxf5 Bxb2 26.Qxb2 Qe5 27.Nd4 Bc8 28.
Qe2 Qf6 29.Qh5 Qg6 30.Qxg6+ hxg6 31.Nc6 Rd6 32.Bxd5 Kg7 33.e4 Be6 34.Nb4 
a5 35.Nc2 f5 36.f3 fxe4 37.fxe4 Bg4 38.Rd4 Be6 39.Ne3 Kf6 40.Nc4 Rdd8 41.
Nxb6 Bxd5 42.exd5 Re2 43.Nc4 Rxa2 44.Rf4+ Ke7 45.Re4+ Kd7 46.Re6 Kc7 47.
Rc6+ Kb7 48.Rb6+ Ka7 49.d6 a4 50.bxa4 Rxa4 51.Rc6 Ra2 52.Rc7+ Ka6 53.Rg7 
Rb8 54.Ne3 Rb1+ 55.Nf1 Rd1 56.Rxg6 Kb7 57.Rf6 Kc6 58.Rf2 Rxf2 59.Kxf2 Kxd6
60.h4 Ra1 61.Kf3 Ke5 62.Ne3 Ra3 63.g4 Kd4 64.Kf4 Rxe3 65.Kf5 Rf3+ 66.Kg5 
Ke5 67.h5 Ke6 68.Kg6 Ke7 69.h6 Kf8 70.h7 Rh3 71.g5 Rh2 72.Kf6 Rxh7 0-1

[Event "Deltalift Open"]
[Site "Tylosand"]
[Date "2016.05.05"]
[Round "3.19"]
[White "Welin, Mats"]
[Black "Wallenas, Daniel"]
[Result "1-0"]
[WhiteElo "2338"]
[BlackElo "1860"]

1.e4 c5 2.Nf3 Nc6 3.d4 cxd4 4.Nxd4 g6 5.c4 Bg7 6.Be3 Nf6 7.Nc3 O-O 8.Be2 
b6 9.O-O Bb7 10.f3 d6 11.Nc2 Rc8 12.Qd2 Qc7 13.Rac1 Rfd8 14.Bg5 e6 15.Qf4 
Nh5 16.Qh4 Nd4 17.Nxd4 Bxd4+ 18.Kh1 f6 19.Bh6 Qf7 20.Rfd1 Bxc3 21.Rxc3 g5 
22.Qg4 Nf4 23.Bf1 e5 24.h4 Rc7 25.hxg5 Bc8 26.Qh4 fxg5 27.Qxg5+ 1-0

[Event "Deltalift Open"]
[Site "Tylosand"]
[Date "2016.05.05"]
[Round "3.20"]
[White "Tillman, Jan-Olof"]
[Black "Karlsson, Jorgen"]
[Result "0-1"]
[WhiteElo "1900"]
[BlackElo "2170"]

1.d4 g6 2.c4 Bg7 3.Nc3 Nf6 4.Nf3 d6 5.e4 O-O 6.Be2 Bg4 7.h3 Bxf3 8.Bxf3 e5
9.d5 Nfd7 10.O-O f5 11.b4 a5 12.b5 Nc5 13.Rb1 Nbd7 14.Ba3 b6 15.Bxc5 Nxc5 
16.Qc2 Qh4 17.Rbe1 a4 18.Bd1 Bh6 19.Kh2 Qg5 20.Qe2 Qd2 21.Nb1 Qxe2 22.Rxe2
Nxe4 23.Bc2 Nc5 24.Nc3 e4 25.f3 Bg7 26.Nd1 exf3 27.Rxf3 Rfe8 28.Rfe3 Kf7 
29.Rxe8 Rxe8 30.Rxe8 Kxe8 31.Kg3 Bd4 32.Kf3 Kf7 33.Ke2 a3 34.Kd2 Kf6 35.
Ne3 Bxe3+ 36.Kxe3 Ke5 37.g3 Ne4 38.Bxe4 fxe4 39.h4 h5 0-1

[Event "Deltalift Open"]
[Site "Tylosand"]
[Date "2016.05.05"]
[Round "3.21"]
[White "Winfridsson, Hakan"]
[Black "Ng, Klemens"]
[Result "1/2-1/2"]
[WhiteElo "2099"]
[BlackElo "1903"]

1.e4 c5 2.Nf3 Nc6 3.d4 cxd4 4.Nxd4 g6 5.Be3 Bg7 6.Nc3 Nf6 7.Be2 O-O 8.O-O 
d5 9.exd5 Nxd5 10.Nxd5 Qxd5 11.c3 Nxd4 12.Bxd4 Bxd4 13.Qxd4 Qxd4 14.cxd4 
Rd8 15.Rfd1 Be6 16.Bf3 Bd5 17.Rac1 Bxf3 18.gxf3 Rd7 19.Re1 e6 20.Rc4 Rad8 
21.Re4 Kf8 22.Kf1 Ke7 23.Ke2 f5 24.Rh4 Kf6 25.f4 h5 26.Ke3 a6 27.a4 Rh8 
28.Rh3 Ke7 29.Rg3 Rg8 30.h4 Kd6 31.Kd3 Rc7 32.b3 Rc6 33.Re3 Re8 34.Rg3 Rg8
1/2-1/2

[Event "Deltalift Open"]
[Site "Tylosand"]
[Date "2016.05.05"]
[Round "3.22"]
[White "Emmoth, Alfons"]
[Black "Horbing, Stefan"]
[Result "0-1"]
[WhiteElo "1893"]
[BlackElo "2072"]

1.d4 Nf6 2.c4 g6 3.Nc3 d5 4.cxd5 Nxd5 5.e4 Nxc3 6.bxc3 Bg7 7.Bc4 c5 8.Ne2 
Nc6 9.Be3 O-O 10.O-O Bg4 11.f3 Bd7 12.Qd2 Qc7 13.Rac1 Rad8 14.h4 Bc8 15.
Rfd1 Qa5 16.e5 Nxe5 17.Bb3 Nc6 18.h5 cxd4 19.cxd4 Qxh5 20.Ng3 Qa5 21.Qf2 
e6 22.Ne4 Qb4 23.Rc4 Qe7 24.Rcc1 Na5 25.Ba4 b6 26.Qb2 Ba6 27.Bb5 Bxb5 28.
Qxb5 Rd5 29.Qb2 Rfd8 30.Nc3 R5d7 31.Ne2 e5 32.Bf2 e4 33.f4 e3 34.Be1 Qe4 
35.Bxa5 bxa5 36.Rc4 h5 37.Qc3 Rd5 38.Rc8 Bf6 39.Rxd8+ Bxd8 40.Qd3 Qe6 41.
g3 Bb6 42.Qc4 Qd7 43.Qc3 h4 44.Qxe3 hxg3 45.Kg2 Rh5 46.Rh1 Qd5+ 0-1

[Event "Deltalift Open"]
[Site "Tylosand"]
[Date "2016.05.05"]
[Round "3.23"]
[White "Morling, Joakim"]
[Black "Issa, Omar"]
[Result "0-1"]
[WhiteElo "2059"]
[BlackElo "1896"]

1.d4 d5 2.c4 e6 3.Nc3 c6 4.Nf3 Nf6 5.cxd5 exd5 6.Bg5 Nbd7 7.e3 h6 8.Bh4 
Qa5 9.Bd3 Bb4 10.Qc2 Bxc3+ 11.bxc3 Ne4 12.Bxe4 dxe4 13.Qxe4+ Kf8 14.Qe7+ 
Kg8 15.O-O g5 16.Bg3 Qf5 17.Ne5 Qe6 18.Qa3 Rh7 19.f4 f6 20.Nxd7 Bxd7 21.
fxg5 Qxe3+ 22.Kh1 hxg5 23.Rae1 Qxg3 24.Kg1 Rxh2 25.Re2 Qh4 26.Qb3+ Kh8 27.
g4 Qg3+ 28.Rg2 Qxg2# 0-1

[Event "Deltalift Open"]
[Site "Tylosand"]
[Date "2016.05.05"]
[Round "3.24"]
[White "Hagglund, Lars"]
[Black "Pettersson, Kjell"]
[Result "0-1"]
[WhiteElo "1890"]
[BlackElo "2059"]

1.d4 d5 2.Bf4 e6 3.e3 f5 4.Bd3 Nf6 5.Nd2 Bd6 6.Bg3 O-O 7.c3 Ne4 8.Ngf3 Nd7
9.Qe2 a6 10.a3 Qe7 11.c4 c6 12.c5 Bb8 13.Rc1 Bxg3 14.hxg3 e5 15.Bb1 exd4 
16.exd4 Re8 17.Nxe4 fxe4 18.Ng1 Qg5 19.Rc3 Nf6 20.Nh3 Bxh3 21.Rxh3 Rad8 
22.Kf1 Rd7 23.Kg1 Rde7 24.Rh4 Re6 25.Re3 h5 26.f4 exf3 0-1

[Event "Harplinge Mini Open"]
[Site "Tylosand"]
[Date "2016.05.05"]
[Round "3.1"]
[White "Nielsen, Tim"]
[Black "Jonsson, Oscar"]
[Result "1-0"]
[WhiteElo "1585"]
[BlackElo "1454"]

1.e4 e5 2.Nf3 d6 3.d4 exd4 4.Nxd4 Nf6 5.Nc3 Be7 6.Bd3 Bd7 7.O-O O-O 8.Nd5 
Nc6 9.Nxe7+ Qxe7 10.Nb5 Rac8 11.Bg5 h6 12.Bh4 a6 13.Nc3 Rfe8 14.Nd5 Qe5 
15.Nxf6+ gxf6 16.Qf3 Kg7 17.c3 h5 18.Qe3 d5 19.exd5 Qxd5 20.Qg3+ Bg4 21.h3
f5 22.hxg4 fxg4 23.Rfd1 Qc5 24.Qf4 Re6 25.Bf5 Rce8 26.Bxe6 Rxe6 27.Qg5+ 
Qxg5 28.Bxg5 Re2 29.Rd2 Re6 30.Kf1 Rg6 31.Bf4 Na5 32.Bxc7 Nc4 33.Re2 Rc6 
34.Be5+ f6 35.Bd4 Kg6 36.Rae1 Kf5 37.b3 Na3 38.c4 b5 39.Bb2 b4 40.Bxa3 
bxa3 41.Rd1 Kg6 42.Red2 a5 43.Rd6 Rc8 44.Ra6 Kf7 45.Rxa5 Kg6 46.Rxa3 Kg5 
47.Rd5+ f5 48.Raa5 Rf8 49.Rxf5+ 1-0

[Event "Harplinge Mini Open"]
[Site "Tylosand"]
[Date "2016.05.05"]
[Round "3.2"]
[White "Carlsson, Isak"]
[Black "Bensryd, Hampus"]
[Result "0-1"]
[WhiteElo "1442"]
[BlackElo "1480"]

1.d4 Nf6 2.c4 e5 3.Nf3 exd4 4.Nxd4 Bc5 5.Nb3 Bb4+ 6.Bd2 Bxd2+ 7.N1xd2 O-O 
8.g3 Nc6 9.a3 d5 10.cxd5 Qxd5 11.Rg1 Be6 12.Bg2 Qd6 13.Qc2 Rfe8 14.e3 Rad8
15.h3 Bd5 16.O-O-O Bxg2 17.Rxg2 Ne5 18.Nd4 c5 19.N4f3 Qd5 20.e4 Nd3+ 21.
Kb1 Nxe4 22.Nxe4 Qxe4 23.Ng5 Qxg2 24.Rxd3 Qf1+ 25.Ka2 Qxd3 26.Qa4 Qd5+ 0-1

[Event "Harplinge Mini Open"]
[Site "Tylosand"]
[Date "2016.05.05"]
[Round "3.3"]
[White "Jonsson, Filip"]
[Black "Wernberg, Hugo"]
[Result "1-0"]
[WhiteElo "1421"]
[BlackElo "1438"]

1.d4 e6 2.Bf4 Nc6 3.e3 d6 4.Nf3 Nf6 5.c3 Nh5 6.Bg3 Nxg3 7.hxg3 Be7 8.Bd3 
e5 9.d5 Nb8 10.Nbd2 Nd7 11.Qa4 g6 12.O-O-O O-O 13.Rh6 Nc5 14.Qc2 f5 15.e4 
Nxd3+ 16.Qxd3 fxe4 17.Nxe4 Bf5 18.Rdh1 Rf7 19.Kb1 Rg7 20.Qe2 Qd7 21.Ka1 
Rf8 22.Neg5 Bxg5 23.Nxg5 Qe7 24.Qe3 Rd8 25.Rxh7 Rxh7 26.Rxh7 Qxh7 27.Nxh7 
Kxh7 28.Qxa7 Rh8 29.Qxb7 Kh6 30.Qxc7 Kg5 31.a3 Rh1+ 32.Ka2 Bd3 33.Kb3 Rh8 
34.Qxd6 Bf5 35.Qxe5 Rc8 36.f3 Kh6 37.g4 Bb1 38.f4 Rc5 39.Qh8# 1-0

[Event "Harplinge Mini Open"]
[Site "Tylosand"]
[Date "2016.05.05"]
[Round "3.4"]
[White "Jorgensen, Stein"]
[Black "Sadiku, Lorik"]
[Result "0-1"]
[WhiteElo "1426"]
[BlackElo "1463"]

1.d4 d6 2.Nf3 g6 3.c4 Bg7 4.g3 Nc6 5.d5 Ne5 6.Nxe5 Bxe5 7.Bg2 e6 8.e4 Ne7 
9.Qc2 f5 10.O-O O-O 11.Bh6 Bg7 12.Bxg7 Kxg7 13.Qc3+ Kg8 14.dxe6 Nc6 15.
exf5 Rxf5 16.Re1 Qe7 17.Bd5 Rf6 18.Qxf6 Qxf6 19.e7+ Be6 20.Bxe6+ Kg7 21.
Nc3 Nxe7 22.Rad1 Rf8 23.Rd2 Qg5 24.Rde2 Qc5 25.Ne4 Qa5 26.b3 Nc6 27.Bd5 
Nd4 28.Ng5 Nxe2+ 29.Rxe2 Rf5 30.Re7+ Kf6 31.Re6+ Kxg5 32.h4+ Kh6 33.g4 Re5
34.g5+ Kh5 35.Bf3+ Kxh4 36.Rf6 Qe1+ 37.Kh2 Qxf2+ 38.Bg2 Qg3+ 39.Kg1 Rxg5 
40.Rf2 Qe3 41.Kf1 Qc1+ 42.Ke2 Re5+ 43.Kf3 Qc3+ 44.Kf4 Qg3# 0-1

[Event "Harplinge Mini Open"]
[Site "Tylosand"]
[Date "2016.05.05"]
[Round "3.5"]
[White "Nilsson, Gert"]
[Black "Ivarsson, Sebastian"]
[Result "1/2-1/2"]
[WhiteElo "1538"]
[BlackElo "1368"]

1.d4 Nf6 2.c4 g6 3.Nc3 Bg7 4.Nf3 d6 5.e3 O-O 6.Be2 c5 7.d5 Bg4 8.O-O Nbd7 
9.h3 Bxf3 10.Bxf3 Ne5 11.e4 a6 12.Bf4 Nxc4 13.b3 Nb6 14.Rb1 Nbd7 15.Ne2 b5
16.Ng3 Qc7 17.h4 h5 18.Qc1 Nh7 19.Bh6 Ne5 20.Bxg7 Nxf3+ 21.gxf3 Kxg7 22.f4
e6 23.f5 exd5 24.exd5 Qe7 25.Qf4 g5 26.Nxh5+ 1/2-1/2

[Event "Harplinge Mini Open"]
[Site "Tylosand"]
[Date "2016.05.05"]
[Round "3.6"]
[White "Falkevall, Axel"]
[Black "Falkevall, Martin"]
[Result "1/2-1/2"]
[WhiteElo "1252"]
[BlackElo "1412"]

1.Nf3 d5 2.c4 e6 3.Nc3 Nf6 4.e3 c5 5.d4 Nc6 6.cxd5 exd5 7.Bb5 Bd7 8.O-O a6
9.Ba4 c4 10.Re1 Bd6 11.e4 Nb4 12.e5 Be7 13.Bxd7+ Nxd7 14.e6 fxe6 15.Rxe6 
O-O 16.Qe2 Re8 17.Ne5 Nxe5 18.Rxe5 Bd6 19.Re6 Qd7 20.Re3 Re7 21.a3 Nd3 22.
Nxd5 Rxe3 23.Bxe3 b5 24.Bh6 Re8 25.Qh5 Qf7 26.Qh4 1/2-1/2

[Event "Deltalift Open"]
[Site "Tylosand"]
[Date "2016.05.05"]
[Round "4.1"]
[White "Hector, Jonny"]
[Black "Holst, Conny"]
[Result "1-0"]
[WhiteElo "2512"]
[BlackElo "2160"]

1.e4 c5 2.Nf3 d6 3.d4 cxd4 4.Nxd4 Nf6 5.Nc3 Nc6 6.f4 e6 7.Nf3 Qc7 8.Bd3 a6
9.O-O Be7 10.Qe1 O-O 11.e5 Nd7 12.exd6 Qxd6 13.Ne4 Qd5 14.Bd2 Nc5 15.Nxc5 
Qxc5+ 16.Be3 Qb4 17.Qf2 Qxb2 18.Rab1 Qa3 19.Nd2 Nb4 20.Be4 f5 21.Bf3 Nxc2 
22.Bb6 Bd7 23.Nc4 Qxa2 24.Ne5 Bb5 25.Rfd1 Rac8 26.Bxb7 Qa4 27.Bxc8 Rxc8 
28.Qf3 Qe4 29.Qb3 Bc4 30.Nxc4 Rxc4 31.Rbc1 Rb4 32.Qxc2 Rxb6 33.Qxe4 fxe4 
34.Rd7 Kf8 35.Rc8+ Kf7 36.Rcc7 e3 37.Rxe7+ Kf6 38.Kf1 Kf5 39.Ke2 Kxf4 40.
Rc4+ Kf5 41.Rxg7 1-0

[Event "Deltalift Open"]
[Site "Tylosand"]
[Date "2016.05.05"]
[Round "4.2"]
[White "Nilsson, Anders"]
[Black "Brynell, Stellan"]
[Result "0-1"]
[WhiteElo "2224"]
[BlackElo "2445"]

1.d4 d5 2.Bf4 Nf6 3.e3 c5 4.Nc3 a6 5.dxc5 Nc6 6.Na4 e5 7.Bg5 Bxc5 8.Nxc5 
Qa5+ 9.c3 Qxc5 10.Bxf6 gxf6 11.Bd3 Qb6 12.Qc2 Be6 13.Bxh7 e4 14.Bxe4 dxe4 
15.O-O-O f5 16.Kb1 Rc8 17.Qa4 Qa5 18.Qxa5 Nxa5 19.Ne2 Nc4 20.Nf4 Ne5 21.h3
Ng6 22.Ne2 Ke7 23.g3 Rcd8 24.Nd4 Ne5 25.h4 Kf6 26.b3 b5 27.Rd2 Rc8 28.Rc2 
Rc7 29.Ne2 Nd3 30.Rf1 Bd5 31.Ka1 Rhc8 32.Kb1 a5 33.Nd4 Rb8 34.Rd1 a4 35.b4
Bc4 36.Rcd2 Ne5 37.Rc1 Bd3+ 38.Ka1 Rbc8 39.c4 Rxc4 40.Rxc4 Rxc4 41.a3 Rc1+
42.Kb2 Rf1 43.Kc3 Nc4 0-1

[Event "Deltalift Open"]
[Site "Tylosand"]
[Date "2016.05.05"]
[Round "4.3"]
[White "Wallin, Dennis"]
[Black "Jepson, Christian"]
[Result "0-1"]
[WhiteElo "2184"]
[BlackElo "2440"]

1.Nf3 g6 2.c4 Bg7 3.Nc3 c5 4.d4 cxd4 5.Nxd4 Nc6 6.Nc2 d6 7.g3 b6 8.Bg2 Bb7
9.O-O Bxc3 10.bxc3 Na5 11.Bxb7 Nxb7 12.Qd4 Nf6 13.Bh6 Nc5 14.Ne3 Rg8 15.f4
Qd7 16.f5 O-O-O 17.a4 Nb3 18.Qd1 Nxa1 19.Qxa1 Qc6 20.a5 g5 21.axb6 axb6 
22.Qa6+ Kc7 23.Qa7+ Qb7 24.Qa4 Ra8 25.Qb3 Qc6 26.Rd1 Qc5 27.Rd4 e5 28.fxe6
fxe6 29.Kg2 Rg6 30.Nd5+ exd5 31.cxd5 b5 0-1

[Event "Deltalift Open"]
[Site "Tylosand"]
[Date "2016.05.05"]
[Round "4.4"]
[White "Johansson, Linus"]
[Black "Backman, Andreas"]
[Result "1-0"]
[WhiteElo "2427"]
[BlackElo "2149"]

1.Nf3 d5 2.d4 c6 3.c4 e6 4.e3 Nf6 5.Be2 Nbd7 6.O-O Be7 7.Nbd2 O-O 8.Qc2 c5
9.b3 b6 10.cxd5 Nxd5 11.Bb2 Bb7 12.Rad1 cxd4 13.Nxd4 Rc8 14.Qb1 Qc7 15.Nc4
a6 16.Bf3 b5 17.Nd2 Qb8 18.g3 Nb4 19.Bxb7 Qxb7 20.Qe4 Qxe4 21.Nxe4 Nf6 22.
Nxf6+ Bxf6 23.Ba3 Bxd4 24.Bxb4 Bc5 25.Bxc5 Rxc5 26.Rd6 a5 27.Ra6 b4 28.Rd1
Rfc8 29.Rd7 Rf5 30.e4 Re5 31.Rc6 Rf8 32.f3 h6 33.Rb7 Kh7 34.Rcc7 Kg6 35.
Kf2 Rg8 36.Rxf7 Rc5 37.Rfc7 Rc8 38.Rxg7+ Kh5 39.Kg2 Rf8 40.Rbc7 Rc3 41.
Rxc3 bxc3 42.Rc7 Rd8 43.Rxc3 Rd2+ 44.Kh3 Rxa2 45.Rc6 Rb2 46.Rxe6 Rxb3 47.
g4+ Kg5 48.Kg3 1-0

[Event "Deltalift Open"]
[Site "Tylosand"]
[Date "2016.05.05"]
[Round "4.5"]
[White "Lindborg, Patrik"]
[Black "Holm, Kristian Stuvik"]
[Result "0-1"]
[WhiteElo "2158"]
[BlackElo "2418"]

1.d4 e6 2.c4 f5 3.Nf3 Nf6 4.Nc3 Be7 5.Bf4 O-O 6.Rc1 Ne4 7.Nd2 Nxc3 8.Rxc3 
Bf6 9.Nf3 d6 10.h4 h6 11.Rd3 Qe7 12.Rd2 e5 13.Bh2 e4 14.Ng1 e3 15.fxe3 
Bxh4+ 16.g3 Bg5 17.Nf3 Bxe3 18.Rd3 c5 19.Ne5 dxe5 20.Rxe3 cxd4 21.Qxd4 Nc6
22.Qc3 f4 23.gxf4 Qh4+ 24.Kd1 exf4 25.Rd3 Bf5 26.Rd2 Be4 27.Rg1 Qe7 28.Kc1
b5 29.c5 Rf5 30.Bh3 Rg5 31.Rxg5 Qxg5 32.Qb3+ Kh8 33.Qxb5 f3 34.exf3 Nd4 
35.Qb4 Nxf3 36.Bd6 Qg1+ 37.Rd1 Qe3+ 38.Rd2 Qe1+ 0-1